| 000 | 00866nam a2200241Ia 4500 | ||
|---|---|---|---|
| 003 | OSt | ||
| 005 | 20220927105546.0 | ||
| 006 | a|||||r|||| 00| 0 | ||
| 007 | ta | ||
| 008 | 220926b |||||||| |||| 00| 0 eng d | ||
| 024 | _a174446 | ||
| 037 | _cReference Collections | ||
| 040 |
_aRTL _cRTL _beng |
||
| 041 |
_2eng _aeng |
||
| 082 | _a"X71.254.N88<-N87, M7/GD" | ||
| 110 |
_a"ORISSA, (Govt. of-), STATISTICS AND ECONOMICS, (Bureau of-), PUBLIC FINANCE DIVISION." _9373253 |
||
| 245 | 0 | _a"Orissa budget in brief, 1987-88." | |
| 260 |
_aBhubaneswar _bBureau of Statistics and economics. _c1987 |
||
| 300 |
_a40p. _ccm. |
||
| 700 |
_a"ORISSA, (Govt. of-), STATISTICS AND ECONOMICS, (Bureau of-), PUBLIC FINANCE DIVISION." _9373254 |
||
| 942 |
_h"X71.254.N88<-N87, M7/GD" _cCC |
||
| 999 |
_c693074 _d693074 |
||